The epistemology of action research
Պահպանված է:
| Հիմնական հեղինակ: | |
|---|---|
| Համատեղ հեղինակ: | |
| Ձևաչափ: | Գիտաժողովի նյութեր |
| Հրապարակվել է: |
Cartagena :
A.I.S.
|
| Ցուցիչներ: |
Ավելացրեք ցուցիչ
Չկան պիտակներ, Եղեք առաջինը, ով նշում է այս գրառումը!
|
MARC
| LEADER | 00000 a a2200000 04500 | ||
|---|---|---|---|
| 001 | 16689 | ||
| 003 | |||
| 040 | |||
| 090 | |a 1001 A188p | ||
| 100 | |a Oquist Kelly, Paul | ||
| 111 | |a Symposium Action rresearch and scientific analysis= Investigación activa y análisis científico (Cartagena, Colombia. Abril 18-23, 1977) | ||
| 245 | |a The epistemology of action research | ||
| 260 | |a Cartagena : |b A.I.S. | ||
| 300 | |a 29 p. | ||
| 999 | |c 909 |d 909 | ||
